Názvy mostov

Bibliographic Details
Main Author: Horecký, Ján, 1920-2006 (Author)
Format: Article
Language:Slovak
ISSN:0023-5202
Subjects:

MARC

LEADER 00000nab a2200000 a 4500
001 vtls000788982
003 SK-MaSNL
005 20260304105205.0
008 250429c2001 xo 0 slo
015 |a SNBRB2002/03-11200 
035 |a CLN000140637 
035 |a urn:nbn:sk:snk-ab1lkl 
035 |a (urnnbn)urn:nbn:sk:snk:ar-004erz 
035 |a (uuid)d9e93034-7c11-4e20-b36f-74e38e612ddb 
040 |a SNKBUCL  |b slo  |c SNKBUCL  |e AACR2 
041 0 |a slo 
044 |a xo  |c SK 
080 |a 801.311.1:808.54  |2 1997 
080 |a 808.54-311  |2 1997 
100 1 |a Horecký, Ján,  |d 1920-2006  |4 aut  |9 105131 
245 1 0 |a Názvy mostov  |c Ján Horecký 
650 0 7 |a slovenčina  |2 SNKPH  |9 1350 
650 0 7 |a názvy mostov  |2 SNKPH  |9 1406220 
655 7 |a články z novín a časopisov  |2 SNKPH  |9 267496 
773 0 |t Kultúra slova  |g Roč. 35, č. 6 (2001), s. 334-336  |x 0023-5202 
850 |a Slovenská národná knižnica 
852 |a Slovenská národná knižnica 
954 |a odborná, vedecká literatúra pôvodná (slovenská)  |2 lita 
958 |a article27 
958 |a OND 
958 |a SK 
958 |a EUIPO 
992 |a RBX 
999 |c 2854652  |d 2856582